| 000 | 00352nam a2200133Ia 4500 | ||
|---|---|---|---|
| 008 | 150202s9999 xx 000 0 und d | ||
| 020 | _a743446046 | ||
| 050 |
_aFIC _bFIC |
||
| 100 | _aKenner, Julie. | ||
| 245 |
_aNobody but you / _cJulie Kenner. |
||
| 260 |
_aNew York : _bPocket Books, _c2003. |
||
| 300 |
_a374 pages : _c18 cm. |
||
| 650 | _aFiction. | ||
| 999 |
_c282155 _d282155 |
||